| 000 | 02350nam0a2200409 4500 | ||
|---|---|---|---|
| 001 | RU\NLR\bibl\1281180 | ||
| 005 | 20260407073550.0 | ||
| 010 |
_a978-5-7205-0926-2 _91000 |
||
| 021 |
_aRU _b2008-61372 _93458 |
||
| 035 | _a(NLR Aleph) 001266951 | ||
| 090 |
_a414739 _c414739 |
||
| 100 | _a20081003d2008 |||y0rusy50 ca | ||
| 101 | 0 | _arus | |
| 102 | _aRU | ||
| 105 | _ay ||||||||| | ||
| 200 | 1 |
_aКомментарий к Федеральному закону от 2 октября 2007 г. N° 229-ФЗ Об исполнительном производстве _e(постатейный) _fК.В. Алехин, Л.В. Кузнецова |
|
| 210 |
_aМосква _cЮстицинформ _d2008 |
||
| 215 |
_a511 с. _d21 |
||
| 225 | 1 | _aКомментарий специалиста | |
| 225 | 1 | _aБиблиотека журнала Право и экономика | |
| 300 | _aЗагл. обл.: Об исполнительном производстве: постатейный комментарий к Федеральному закону | ||
| 320 | _aБиблиогр. в подстроч. прим. | ||
| 512 | 1 |
_6z01790 _aОб исполнительном производстве _eпостатейный комментарий к Федеральному закону |
|
| 606 | 1 |
_aИсполнительное производство _jЗаконодательные материалы _jКомментарии _yРоссийская Федерация _92085156 _3RU\NLR\auth\661261268 |
|
| 686 | _aХ629.217.7-39(2Р) | ||
| 700 | 1 |
_4070 _8rus _7ca _aАлехин _bК. В. _gКирилл Вячеславович _3RU\NLR\auth\7774196 _957124 |
|
| 701 | 1 |
_4070 _8rus _7ca _aКузнецова _bЛ. В. _cканд. юрид. наук _gЛюбовь Викторовна _3RU\NLR\auth\7751765 _934698 |
|
| 742 | 1 |
_aРоссийская Федерация _tЗаконы _3RU\NLR\AUTH\883331 _9277893 |
|
| 790 | 1 |
_4070 _8rus _7ca _aАлехин _bК. В. _gКирилл Вячеславович _3RU\NLR\auth\7774196 _957124 |
|
| 790 | 1 |
_4070 _8rus _7ca _aКузнецова _bЛ. В. _cканд. юрид. наук _gЛюбовь Викторовна _3RU\NLR\auth\7751765 _934698 |
|
| 801 | 0 |
_aRU _bNLR _c20081003 _gRCR |
|
| 801 | 1 |
_aRU _bNLR _c20081003 |
|
| 830 | _aАвт. по кн | ||
| 942 | _cBOOK | ||
| 980 | _aNB | ||